00372nam a2200133 a 450000100100000000500170001000800410002704000250006808200150009310000260010824500530013426000310018730000200021800004568820201002052405.0150427s2004 xxu 000 0 spa d aDO-SdBNPbspacBNPHU axxxxbxxxx1 aContreras S., Eloy M.10aLuz, sombra y resplandor /cEloy M. Contreras S. a[s. l. :bs. n.,cs. f. ]. a87 p. ;c21 cm.